000 00373nam a2200157Ia 4500
008 230524s9999 xx 000 0 und d
082 _a620.11
_bTIM
100 _aS.P.Timoshenko
245 0 _a"Strength of Materials (Part-2,)"
250 _a3RD
260 _aNEW DELHI
_bCBS
_c2002
300 _a572
500 _aQuantity Number: 3
650 _aPhysics
942 _cBK
999 _c24187
_d24187